Masters of design : (Record no. 27188)

000 -LEADER
fixed length control field 01517cam a2200325 a 4500
001 - CONTROL NUMBER
control field 15129926
005 - DATE AND TIME OF LATEST TRANSACTION
control field 20170207152022.0
008 - FIXED-LENGTH DATA ELEMENTS--GENERAL INFORMATION
fixed length control field 080107s2008 mauab b 000 0 eng
010 ## - LIBRARY OF CONGRESS CONTROL NUMBER
LC control number 2008000583
020 ## - INTERNATIONAL STANDARD BOOK NUMBER
International Standard Book Number 9781592534418
020 ## - INTERNATIONAL STANDARD BOOK NUMBER
International Standard Book Number 1592534414
035 ## - SYSTEM CONTROL NUMBER
System control number (OCoLC)ocn190761252
035 ## - SYSTEM CONTROL NUMBER
System control number (OCoLC)190761252
040 ## - CATALOGING SOURCE
Original cataloging agency DLC
Transcribing agency DLC
Modifying agency DLC
050 00 - LIBRARY OF CONGRESS CALL NUMBER
Classification number NC1002
Item number .L63A32 2008
100 1# - MAIN ENTRY--PERSONAL NAME
Personal name Adams, Sean.
245 10 - TITLE STATEMENT
Title Masters of design :
Remainder of title logos & identity : a collective of the world's most inspiring logo designers /
Statement of responsibility, etc. Sean Adams.
260 ## - PUBLICATION, DISTRIBUTION, ETC. (IMPRINT)
Place of publication, distribution, etc. Beverly, Mass. :
Name of publisher, distributor, etc. Rockport Publishers,
Date of publication, distribution, etc. c2008.
300 ## - PHYSICAL DESCRIPTION
Extent 232 p. :
Other physical details ill. (chiefly col.), maps ;
Dimensions 27 cm.
504 ## - BIBLIOGRAPHY, ETC. NOTE
Bibliography, etc Includes bibliographical references (p. 232).
650 #0 - SUBJECT ADDED ENTRY--TOPICAL TERM
Topical term or geographic name as entry element Logos (Symbols)
General subdivision Design.
650 #0 - SUBJECT ADDED ENTRY--TOPICAL TERM
Topical term or geographic name as entry element Industrial design coordination.
856 41 - ELECTRONIC LOCATION AND ACCESS
Materials specified Table of contents only
Uniform Resource Identifier <a href="http://www.loc.gov/catdir/toc/ecip088/2008000583.html">http://www.loc.gov/catdir/toc/ecip088/2008000583.html</a>
856 42 - ELECTRONIC LOCATION AND ACCESS
Materials specified Contributor biographical information
Uniform Resource Identifier <a href="http://www.loc.gov/catdir/enhancements/fy0837/2008000583-b.html">http://www.loc.gov/catdir/enhancements/fy0837/2008000583-b.html</a>
856 42 - ELECTRONIC LOCATION AND ACCESS
Materials specified Publisher description
Uniform Resource Identifier <a href="http://www.loc.gov/catdir/enhancements/fy0901/2008000583-d.html">http://www.loc.gov/catdir/enhancements/fy0901/2008000583-d.html</a>
942 ## - ADDED ENTRY ELEMENTS (KOHA)
Source of classification or shelving scheme
Koha item type Hard Covered Materials
Classification part NC1002 .L63A32 2008
Holdings
Withdrawn status Lost status Source of classification or shelving scheme Damaged status Not for loan Home library Current library Shelving location Date acquired Source of acquisition Total Checkouts Full call number Barcode Date last seen Price effective from Koha item type
          MACHAKOS UNIVERSITY LIBRARY MACHAKOS UNIVERSITY LIBRARY Technical section 07/02/2017 Donation(BFA)   NC1002 .L63A32 2008 34818 10/07/2018 07/02/2017 Hard Covered Materials
© Machakos University Library, Along The Highway, Machakos Wote Rd, Machakos, Kenya P.O. Box 136 - 90100 Machakos - Kenya

Tel: ( +254 ) 723 805829 OR Fax : 044-20353 OR Email: library@mksu.ac.ke